Statistiques concernant Un club de football, un pays

Cliquez ici pour prendre le quiz!

Statistiques générales

  • Ce quiz a été pris 591 fois
  • Le résultat moyen est 18 sur 20

Statistiques - réponses

HintRéponse% Correct
Borussia
Mönchengladbach
Allemagne
99%
Aston Villa FCAngleterre
99%
Sporting CPPortugal
98%
Red Star FCFrance
97%
CA Boca JuniorArgentine
96%
RSC AnderlechtBelgique
96%
OlympiakosGrèce
96%
Genoa CFCItalie
96%
CR FlamengoBrésil
95%
Rayo VMEspagne
95%
Zénith SPRussie
95%
Celtic FCEcosse
94%
TrabzonsporTurquie
93%
Chakhtar DonetskUkraine
93%
Vitesse ArnhemPays bas
88%
Club AmericaMexique
80%
Etoile RougeSerbie
79%
Ferencvaros TCHongrie
72%
Viktoria PlzenRépublique Tchèque
69%
Qarabag FKAzerbaidjan
51%

Distribution des résultats

Percentile par nombre de réponses

% des personnes avec chaque résultat

Votre développement - résultats

Vous n’avez pas pris ce quiz